000 01043nam a2200301 i 4500
003 DO-SdBNP
005 20240627101852.0
007 ta
008 240513t2023 dr ||||| |||| 00| p spa d
020 _a9789945184198
040 _aDO-SdBNP
_bspa
_cBNPHU
_erda
082 4 _aRD861.44 T693p
_bT693p
_222
100 1 _aTorres Ulloa, Alfonso
_958620
_eautor
245 1 0 _aPalabras de flores /
_cAlfonso Torres Ulloa ; prólogo, Román Espadas.
264 4 _aSanto Domingo :
_bCasa de Arte Dajabón,
_c©2023
300 _a142 páginas :
_bilustraciones ;
_c21 cm.
336 _2rdaconten
_atexto
_btxt
337 _2rdamedia
_asin mediación
_bn
338 _2rdacarrier
_avolumen
_bnc
500 _aIncluye datos biográficos del autor en la contracubierta.
590 _aInventariado 2024 / MF
650 4 _aLiteratura dominicana.
_967
_xPoesía
650 4 _aPoesía dominicana
_978060
650 4 _aPoesía dominicana
_92762
700 1 _aEspadas, Román,
_eprólogo
_985455
910 _aValidado. Control de calidad MFF
942 _2ddc
_cLBS1
999 _c56648
_d56648